| 000 | 02013nam a2200433 i 4500 | ||
|---|---|---|---|
| 001 | ebr10925541 | ||
| 003 | CaPaEBR | ||
| 006 | m o d | ||
| 007 | cr cn||||||||| | ||
| 008 | 140911t20142014njua ob 001 0 eng d | ||
| 020 | _z9781118724569 | ||
| 020 | _a9781118869314 (e-book) | ||
| 020 | _a9781118869451 (e-book) | ||
| 040 |
_aCaPaEBR _beng _erda _epn _cCaPaEBR |
||
| 035 | _a(OCoLC)890071969 | ||
| 050 | 1 | 4 |
_aHD45 _b.H366 2014eb |
| 082 | 0 | 4 |
_a004.68 _223 |
| 100 | 1 |
_aHeisterberg, Rodney J., _eauthor. |
|
| 245 | 1 | 0 |
_aCreating business agility : _bhow convergence of cloud, social, mobile, video, and big data enables competitive advantage / _cRodney Heisterberg, Alakh Verma ; cover design, C. Wallace. |
| 264 | 1 |
_aHoboken, New Jersey : _bWiley, _c2014. |
|
| 264 | 4 | _c�2014 | |
| 300 |
_a1 online resource (387 pages) : _bcolor illustrations |
||
| 336 |
_atext _2rdacontent |
||
| 337 |
_acomputer _2rdamedia |
||
| 338 |
_aonline resource _2rdacarrier |
||
| 504 | _aIncludes bibliographical references at the end of each chapters and index. | ||
| 588 | _aDescription based on print version record. | ||
| 590 | _aElectronic reproduction. Palo Alto, Calif. : ebrary, 2014. Available via World Wide Web. Access may be limited to ebrary affiliated libraries. | ||
| 650 | 0 |
_aTechnological innovations _xManagement. |
|
| 650 | 0 |
_aInformation technology _xManagement. |
|
| 650 | 0 | _aOrganizational effectiveness. | |
| 650 | 0 | _aStrategic planning. | |
| 655 | 0 | _aElectronic books. | |
| 700 | 1 |
_aVerma, Alakh, _d1963- _eauthor. |
|
| 700 | 1 |
_aWallace, C., _ecover designer. |
|
| 776 | 0 | 8 |
_iPrint version: _aHeisterberg, Rodney J. _tCreating business agility : how convergence of cloud, social, mobile, video, and big data enables competitive advantage. _dHoboken, New Jersey : Wiley, c2014 _hxxii, 362 pages _z9781118724569 _w2014016658 |
| 797 | 2 | _aebrary. | |
| 856 | 4 | 0 |
_uhttp://site.ebrary.com/lib/rucke/Doc?id=10925541 _zAn electronic book accessible through the World Wide Web; click to view |
| 999 |
_c60477 _d60477 |
||